Normal view
MARC view
Entry Término temático
001 - NÚMERO DE CONTROL
- campo de control: 31464
003 - IDENTIFICADOR DEL NÚMERO DE CONTROL
- campo de control: FranzMayer
005 - FECHA Y HORA DE LA ÚLTIMA TRANSACCIÓN
- campo de control: 20260530113853.0
008 - DATOS DE LONGITUD FIJA
- campo de control de longitud fija: 260530|| aca||aabn | a|a d
040 ## - FUENTE DE LA CATALOGACIÓN
- Centro catalogador/agencia de origen: FranzMayer
- Centro/agencia transcriptor: FranzMayer
150 ## - ENCABEZAMIENTO--TÉRMINO DE MATERIA
- Término de materia o nombre geográfico como elemento de entrada: Diseño de producto
- Subdivisión general: Aspectos ambientales
670 ## - FUENTE DE DATOS ENCONTRADOS
- Cita de la fuente: Work cat.: (FranzMayer)11537: Vezzoli, Carlo 31463, Diseño de Productos Ambientalmente Sustentables